00842nam a2200205 a 4500001001000000003000500010005001700015008004100032010001100073011001100084040000900095100002700104245016400131260004100295500006000336502009300396650004000489650003700529856007000566000113692CHAP20220329144408.0170907s2017 mx a fsm |||||||spa d a110153 a111125 cCHAP1 aOsorno Aguilar, Manuel10aAlcances de la agencia de desarrollo rural PESA-COUSSA en la región Mazahua de San Felipe del Progreso, México /h[En línea]cpor Manuel Osornio Aguilar. aChapingo, Méx. :bEl autor,c2017. aPara ver el contenido del material haga clic en la liga aTesis (Ing. Agr. Esp. en Sociología Rural) -- UACH. Departamento de Sociología Rural14aMazahuasxCondiciones económicas.14aMazahuasxSeguridad alimentaria. aFinding aiduhttp://10.13.5.2/tesis/sist113692.pdfzTeclea aquí